[Event "San Francisco Dolan Memorial 5th"]
[Site "San Francisco"]
[Date "2005.10.01"]
[Round "2"]
[White "Crawford, Nat"]
[Black "Wilson, Stephen"]
[Result "1-0"]
[WhiteElo "1552"]
[BlackElo "1151"]
[PlyCount "120"]
[EventDate "2005.10.01"]
[EventType "swiss"]
[EventRounds "4"]
[EventCountry "USA"]
[SourceTitle "EXT 2007"]
[Source "ChessBase"]
[SourceDate "2006.11.23"]
[SourceVersion "1"]
[SourceVersionDate "2006.11.23"]
[SourceQuality "1"]

1. e4 e5 2. Bc4 Nf6 3. d3 Be7 4. Nc3 0-0 5. f4 d6 6. Nf3 Bg4 7. h3 Bxf3 8. gxf3 Nbd7 9. f5 Nb6 10. Bb3 c6 11. Rg1 Kh8 12. Qe2 d5 13. Qg2 Rg8 14. Bd2 Bb4 15. 0-0-0 Bxc3 16. Bxc3 d4 17. Bd2 Qd7 18. f4 Rae8 19. Qe2 c5 20. fxe5 Rxe5 21. Bf4 Re7 22. a3 Nbd5 23. Bg5 Qxf5 24. Bxd5 Qxd5 25. Bxf6 gxf6 26. Rxg8+ Kxg8 27. Rg1+ Kh8 28. Qg4 Qg5+ 29. Qxg5 fxg5 30. Rxg5 b6 31. Kd2 f6 32. Rg4 Rg7 33. Ke2 h5 34. Rxg7 Kxg7 35. Kf3 Kg6 36. Kf4 a6 37. b3 b5 38. a4 bxa4 39. bxa4 a5 40. h4 Kf7 41. Kf5 Kg7 42. e5 fxe5 43. Kxe5 Kg6 44. Ke6 Kg7 45. Kd5 Kg6 46. Kxc5 Kf5 47. Kxd4 Kg4 48. c4 Kxh4 49. c5 Kg3 50. c6 h4 51. c7 h3 52. c8Q h2 53. Qh8 Kg2 54. Qxh2+ Kxh2 55. Ke5 Kg3 56. d4 Kf3 57. d5 Ke3 58. d6 Kd3 59. Kd5 Kc3 60. d7 Kb3 1-0

[Event "Donnelly Memorial"]
[Site "San Francisco"]
[Date "2005.09.17"]
[Round "1"]
[White "Seada, Karim"]
[Black "Crawford, Nat"]
[Result "0-1"]
[WhiteElo "2043"]
[BlackElo "1552"]
[PlyCount "52"]
[EventDate "2005.09.17"]
[EventType "swiss (rapid)"]
[EventRounds "5"]
[EventCountry "USA"]
[SourceTitle "EXT 2024"]
[Source "ChessBase"]
[SourceDate "2023.10.10"]
[SourceVersion "1"]
[SourceVersionDate "2023.10.10"]
[SourceQuality "1"]

1. e4 d5 2. exd5 Qxd5 3. d4 Nf6 4. Nc3 Qa5 5. Bc4 Bf5 6. Nge2 e6 7. Bf4 Nbd7 8. 0-0 c6 9. Re1 Be7 10. Ng3 Bg6 11. Qd2 0-0 12. Nd5 Qd8 13. Nxe7+ Qxe7 14. Bg5 Qd6 15. Rad1 Rfe8 16. c3 e5 17. Qc1 exd4 18. Rxd4 Rxe1+ 19. Qxe1 Qc5 20. Qd1 Qxg5 21. Rxd7 Nxd7 22. Qxd7 Rd8 23. Qc7 Qc1+ 24. Nf1 Qxb2 25. Bb3 Qxc3 26. Qxb7 Re8 0-1